Svätý Anton - stavebné a technické pamiatky

Bibliographic Details
Main Author: Klaková, Oľga (Author)
Format: Article
Language:Slovak
PhysicalDescription:Fotogr., mp.
ISSN:1335-4353
Subjects:

MARC

LEADER 00000nab a2200000 a 4500
001 vtls009007292
003 SK-MaSNL
005 20260303065437.0
008 140429c2007 xo |||||| ab 000 b|slo
015 |a SNBRB2007/07  |2 snkbucl 
038 |a SNKBUCL 
040 |a SNKBUCL  |b slo  |c SNKBUCL  |e AACR2 
041 0 |a slo  |b eng  |b ger 
044 |a xo  |c SK 
080 |a 904:72  |x (437.6)  |2 1997 
080 |a 904:62  |x (437.6)  |2 1997 
080 |a 904:69  |x (437.6)  |2 1997 
100 1 |a Klaková, Oľga  |4 aut  |9 798390 
245 1 0 |a Svätý Anton - stavebné a technické pamiatky  |c Oľga Klaková 
300 |b Fotogr., mp. 
504 |a Literatúra 
546 |a Res. angl., nem. 
650 0 7 |a architektonické pamiatky  |2 snkbucl  |9 28990 
650 0 7 |a technické pamiatky  |2 snkbucl  |9 21763 
650 0 7 |a kultúrne pamiatky  |2 snkbucl  |9 2862 
650 0 7 |a pamätihodnosti  |2 SNKPH  |9 58337 
651 7 |a Svätý Anton (Slovensko)  |2 snkbucl  |9 79544 
773 0 |t Pamiatky a múzeá  |g Roč. 56, č. 2 (2007), s. 33-35  |x 1335-4353 
852 |a SNK  |b KIS3GCP 
958 |a NB 
958 |a SK 
999 |c 1751219  |d 1753149